| 000 | 00398nam a2200145Ia 4500 | ||
|---|---|---|---|
| 008 | 231129s1981||||xx |||||||||||||| ||spa|| | ||
| 020 | _a84-253-1271-X | ||
| 040 | _bspa | ||
| 082 | _a330 F899L | ||
| 100 | _aFriedman Milton | ||
| 245 | 0 | _aLibertad de elegir: hacia un nuevo liberalismo economico | |
| 260 | _c1981 | ||
| 264 | _aGrijalbo | ||
| 942 |
_2ddc _cBKS |
||
| 999 |
_c19215 _d19215 |
||